North American jetpunk abbreviations - Statistics

General Stats
  • This quiz has been taken 10 times
  • The average score is 17 of 23
Answers on the Map
Answers color-coded by a green-red scale on the quiz's map according to % correct below.
 
Answer Stats
Answer % Correct
ca
100%
mx
100%
us
100%
DO
88%
GT
88%
AG
75%
BS
75%
BZ
75%
CR
75%
CU
75%
GD
75%
HN
75%
HT
75%
JM
75%
NI
75%
PA
75%
SV
75%
DM
63%
BB
50%
lc
50%
TT
50%
vc
50%
kn
25%
No matching quizzes found
Score Distribution
Percent of People with Each Score
Percentile by Number Answered
Your Score History
You have not taken this quiz